Nueva especie de Condylopodim (Asteraceae-Eupatorieae) de Colombia (Registro nro. 15552)

Detalles MARC
000 -CABECERA
Campo de control 004290000a22001210004500
090 ## - CLASIFICACIÓN LOCAL
Colección AS
Consecutivo Seriadas
041 0# - IDIOMA
Código de idioma para texto/pista de sonido o título separado
100 1# - ASIENTO PRINCIPAL--NOMBRE PERSONAL
Nombre personal Díaz Piedrahita, Santiago
245 10 - MENCION DE TITULO
Título Nueva especie de Condylopodim (Asteraceae-Eupatorieae) de Colombia
700 1# - ASIENTO SECUNDARIO - NOMBRE PERSONAL
Nombre personal Mández Ramírez, Gina Paola
773 1# - Item fuente:
Título Revista de Academia Colombiana de Ciencias Exactas, Físicas y Naturales
Descripción física 90
Paginas del Articulo 45-49
Lugar, editorial y fecha de publicación 2000
Información sobre la relación 24
942 ## - ELEMENTOS ADICIONALES (KOHA)
Tipo de ítem Artículo

No hay ítems disponibles.